Statistics for 2017 Chicago Cubs Player's Weekend

Click here to take the quiz!

General Stats

  • This quiz has been taken 42 times
  • The average score is 7 of 26

Answer Stats

PlayerNickname% Correct
Javier BaezEl Mago
74%
Kris BryantKB
68%
Jason HeywardJ-Hey
65%
Kyle SchwarberSchwarbs
56%
Anthony RizzoTony
56%
Ian HappHapper
44%
Willson ContrerasWilly
35%
Ben ZobristZorilla
35%
Addison RussellAddy
26%
Kyle HendricksHendo
26%
Pedro StropStropy
26%
Albert Almora JrTico
26%
John LackeyLack
24%
Mike MontgomeryMonty
24%
Jose QuintanaQ
24%
Jake ArrietaSnake
21%
Koji UeharaKoji
18%
Carl Edwards JrCarl's Jr
15%
Jon LesterLester
15%
Jon Jay305 J
12%
Wade DavisWader
12%
Brian DuensingDeuce
9%
Tommy La StellaLa Stella
9%
Justin GrimmReaper
9%
Alex AvilaParkman
6%
Justin WilsonBrennan
3%

Score Distribution

Percentile by Number Answered

Percent of People with Each Score

Your Score History

You have not taken this quiz